Nutrient requirements of swine /

Guardado en:
Autor Corporativo: National Research Council (U.S.). Subcommittee on Swine Nutrition.
Formato: Libro
Idioma:English
Publicado: Washington, D.C. : National Academy Press, 1998.
Edición:10th rev. ed.
Series:Nutrient requirements of domestic animals (Unnumbered)
Etiquetas: Agregar Etiqueta
Sin Etiquetas, Sea el primero en etiquetar este registro!
LEADER 00856cam a2200193 a 4500
001 EEA.libagro009481
005 20180614100225.0
008 980227s1998####dcua#####b####001#0#eng##
020 |a 0309059933 
082 0 0 |a 636.4085 
245 0 0 |a Nutrient requirements of swine /  |c Subcommittee on Swine Nutrition, Committee on Animal Nutrition, Board on Agriculture, National Research Council. 
250 |a 10th rev. ed. 
260 |a Washington, D.C. :  |b National Academy Press,  |c 1998. 
300 |a xvii, 189 p. :  |b il. ;  |c 28 cm. +  |e 1 CD-Rom. 
490 1 |a Nutrient requirements of domestic animals 
504 |a Incluye referencias bibliográficas e índice. 
710 2 |a National Research Council (U.S.).  |b Subcommittee on Swine Nutrition. 
830 0 |a Nutrient requirements of domestic animals (Unnumbered) 
859 |a AR-BbBCA  |b BIB. AGRONOMIA  |h 636.4085  |i W317a10  |p 2000/4108